Todas as Músicas de Anavitória (atualizado 2025) - Statistics

Estatísticas Gerais
  • Esse quiz foi jogado 14 vezes
  • A pontuação média é 57 de 114
Estatísticas das Respostas
Hint Resposta % Correto
1 Agora Eu Quero Ir
100%
N (feat. Nando Reis)
100%
7 Água-viva
88%
1 Ai, Amor
88%
1 Amarelo, azul e branco (feat. Rita Lee)
88%
9 Cecília
88%
20 claraboia
88%
9 Mesma trama, mesmo frio
88%
12 Navio ancorado no ar
88%
10 Terra
88%
12 3 am | espirais da repetição
75%
8 Ainda é tempo
75%
3 Calendário
75%
5 Cigarra
75%
8 Eu, você, ele e ela
75%
4 Explodir
75%
9 isso é deus (feat. Rubel)
75%
2 Porque Eu Te Amo
75%
7 Preta
75%
Pupila (feat. Vitor Kley)
75%
1 rua dos abacateiros
75%
1 Se eu usasse sapato
75%
11 seis anos depois
75%
2 Te amar é massa demais
75%
Trevo (Tu) (feat. Diogo Piçarra)
75%
5 Trevo (Tu) (feat. TIAGO IORC)
75%
universo de coisas que eu desconheço
75%
10 all star
63%
7 aza
63%
1 Barquinho de papel
63%
15 bilhete secreto
63%
8 búzios
63%
8 Canção de Hotel
63%
13 Carvoeiro
63%
1 | 4 Chamego Meu
63%
11 Doce futuro
63%
10 Dói Sem Tanto
63%
6 Espetáculo estranho
63%
5 estátua de mármore
63%
Fica (feat. Matheus & Kauan)
63%
14 Lisboa (feat. Lenine)
63%
Lisboa (feat. Paulo Novaes)
63%
2 Minto pra quem perguntar
63%
3 Não sinto nada (feat. Jorge Drexler)
63%
11 Nos
63%
17 nosferatu
63%
2 olhar pra você (feat. Bruno Berle)
63%
6 O Tempo É Agora
63%
19 paranapanema
63%
5 Ponta solta
63%
11 por onde andei
63%
10 Quero contar pra São Paulo
63%
4 relicário
63%
6 Selva
63%
12 Te procuro
63%
4 Ter o coração no chão
63%
Aguei (feat. Jovem Dionisio)
50%
CAIXA POSTAL
50%
4 como é que a gente foi chegar aqui?
50%
3 em voz alta
50%
16 manteiga
50%
No Escuro (feat. Ana Gabriela)
50%
10 o amor habita os mais inconcebíveis dos lugares
50%
4 Outrória (feat. OUTROEU)
50%
11 Se Tudo Acaba
50%
2 | 3 Singular
50%
3 Tenta acreditar
50%
10 Tua
50%
11 Abril
38%
2 Aí já era
38%
3 Amor Perfeito
38%
1 Clareiamô (feat. Saulo)
38%
6 Coração Carnaval
38%
2 Cor De Marte
38%
6 dois rios
38%
6 Espalhe amor
38%
8 espatódea
38%
9 Eu sei quem é você
38%
Geleira do tempo (feat. Jorge & Matheus)
38%
5 João e Maria
38%
Partilhar (feat. Rubel)
38%
9 quem vai dizer tchau
38%
14 spokane
38%
18 17/02/2023
25%
5 A Gente Junto
25%
6 a lua que a minha cabeça tá
25%
7 (dia 34)
25%
Lisboa-Madrid (feat. Jorge Drexler)
25%
4 O Leãozinho
25%
Perdoa
25%
2 pra você guardei o amor
25%
13 submarinos
25%
3 209
13%
Amores Imperfeitos
13%
5 as coisas tão mais lindas
13%
4 Baianidade Nagô
13%
4 Cores
13%
7 Dengo
13%
3 Me Abraça
13%
Me conta da tua janela
13%
1 Mistério
13%
não passa vontade (feat. DUDA BEAT)
13%
7 o pai da Zoé
13%
3 Tententender
13%
8 Tocando Em Frente
13%
2 Pirlimpimpim
0%
Preciso me encontrar (do filme "Diários De Intercâmbio")
0%
3 Sideral
0%
4 Simples assim
0%
9 Talvez A Deus
0%
2 Vem Meu Amor
0%
1 voz e violão
0%
Nenhum quiz correspondente encontrado
Distribuição das Pontuações
Porcentagem de Pessoas com Cada Pontuação
Percentil de Números Respondidos
Sua Pontuação Histórica
Você não jogou esse quiz